00550nam a2200181Ia 4500003000900000008004100009020001800050040001600068080002200084245009500106260003500201300001500236650002400251650004100275650002300316650001100339700001800350IN-BaIIA211028s9999 xx 000 0 eng d a0-444-85445-2 cIIA Library a047.1:535bPRO-18 0aProgress in opticsbvol.18cedited by E. Wolf  aAmsterdambNorth-Hollandc1980 axvi, 363p. aAstronomical optics aAstronomy and Astrophysics Thesaurus aOptical properties aOptics aWolf, E., ed.